000 00218nam a22000857a 4500
008 160708b xxu||||| |||| 00| 0 eng d
100 _92473
_aDumas A
245 _aMonte Cristo
260 _aNew Delhi
_bChildren Book Trust
_c2011
999 _c2140
_d2140